000 00436nam a2200157Ia 4500
008 210210b2003 xxu||||| |||| 00| 0 eng d
020 _a81 7648 456 3
082 _a346.0134 KANW
100 _aKANT (Anjani).
245 _aWomen and the law.
260 _aNew Delhi
_bNot Mentioned
_c2003
300 _axxxvi,503
650 _aStatus Women Position Constitution Indian Marital Rights Property
690 _aWomen
906 _a061334
999 _c107932
_d107932